WWE Intercontinental Champions - Statistics

General Stats
  • This quiz has been taken 33 times
  • The average score is 72 of 94
Answer Stats
# Year Champion % Correct
2 2025 Dominik Mysterio
100%
3 1999 Goldust
100%
1 2025 John Cena
100%
1 2003 Randy Orton
100%
2 2009 Rey Mysterio
100%
2 1992 Bret Hart
94%
1 2009 CM Punk
94%
2 2012 Cody Rhodes
94%
2 1997 Owen Hart
94%
1 2026 Penta
94%
2 2018 Seth Rollins
94%
3 1995 Shawn Michaels
94%
5 2002 Triple H
94%
2 2024 Bron Breakker
88%
9 2009 Chris Jericho
88%
1 1994 Diesel
88%
1 2009 Drew McIntyre
88%
5 2020 Jeff Hardy
88%
1 2024 Jey Uso
88%
2 2002 Kane
88%
2 2016 Kevin Owens
88%
1 2005 Ric Flair
88%
1 2017 Roman Reigns
88%
4 2024 Sami Zayn
88%
2 1997 "Stone Cold" Steve Austin
88%
1 2001 Test
88%
1 2016 Zack Ryder
88%
2 2020 Big E
81%
1 2012 Big Show
81%
1 2003 Booker T
81%
1 2005 Carlito
81%
4 2002 Chris Benoit
81%
4 2012 Christian
81%
2 2000 Chyna
81%
1 2015 Daniel Bryan
81%
3 2018 Dean Ambrose
81%
6 2018 Dolph Ziggler
81%
2 2002 Eddie Guerrero
81%
5 2004 Edge
81%
2 2019 Finn Bálor
81%
1 2022 Gunther
81%
4 2012 Kofi Kingston
81%
1 2014 Luke Harper
81%
2 1990 Mr. Perfect
81%
1 1986 Randy Savage
81%
4 1995 Razor Ramon
81%
2 2021 Shinsuke Nakamura
81%
8 2018 The Miz
81%
2 1997 The Rock
81%
1 2020 AJ Styles
75%
1 2000 Billy Gunn
75%
2 2019 Bobby Lashley
75%
1 2009 John "Bradshaw" Layfield
75%
3 2009 John Morrison
75%
1 2000 Kurt Angle
75%
1 1987 Ricky Steamboat
75%
1 1999 Road Dogg
75%
6 2006 Rob Van Dam
75%
2 2008 Santino Marella
75%
3 2006 Shelton Benjamin
75%
1 1992 The British Bulldog
75%
2 1989 The Ultimate Warrior
75%
2 2007 Umaga
75%
5 2015 Wade Barrett
75%
1 2013 Curtis Axel
69%
1 2022 Ricochet
69%
1 2000 Rikishi
69%
1 1992 Roddy Piper
69%
1 2015 Ryback
69%
1 1999 The Godfather
69%
2 2008 William Regal
69%
1 1996 Ahmed Johnson
63%
1 2001 Albert
63%
1 2021 Apollo Crews
63%
1 1995 Dean Douglas
63%
2 1983 Don Muraco
63%
1 2011 Ezekiel Jackson
63%
1 1998 Ken Shamrock
63%
2 1981 Pedro Morales
63%
1 1987 The Honky Tonk Man
63%
2 2000 Val Venis
63%
1 2020 Braun Strowman
56%
1 1999 D'Lo Brown
56%
1 1984 Greg Valentine
56%
6 1999 Jeff Jarrett
56%
1 1980 Ken Patera
56%
1 2001 Lance Storm
56%
1 1996 Marc Mero
56%
1 1979 Pat Patterson
56%
1 1989 Rick Rude
56%
1 1993 Marty Jannetty
50%
1 1992 The Mountie
50%
1 1990 The Texas Tornado
50%
2 1985 Tito Santana
50%
No matching quizzes found
Score Distribution
Percent of People with Each Score
Percentile by Number Answered
Your Score History
You have not taken this quiz